00573nam a2200169Ia 4500008004100000100001900041245004800060245001800108260002500126260000900151300003400160440009100194650001500285650001000300999001900310952007400329200115s9999 xx 000 0 und d aNeilson, Susie aWish you were more creative? just pretend!/ cSusie Neilson bReader's Digest Asia c2019 aPages 120-122, September 2019 aAsia Reader's Digest: My Coma Miracle Cyclist's Triumph after horror accidentv116:679 acreativity aideas c362940d362940 001040aLuxbLuxd2020-01-15l0r2020-01-15 00:00:00w2020-01-15ySE